Indicadores del sistema bancario de Córdoba (Registro nro. 25566)

Detalles MARC
000 -LEADER
fixed length control field 00366 a2200121 4500
001 - CONTROL NUMBER
control field ART_11429
005 - DATE AND TIME OF LATEST TRANSACTION
control field 20260410161857.0
008 - FIXED-LENGTH DATA ELEMENTS--GENERAL INFORMATION
fixed length control field 260409a
100 1# - MAIN ENTRY--PERSONAL NAME
Personal name Neder, Ángel Enrique
245 10 - TITLE STATEMENT
Title Indicadores del sistema bancario de Córdoba
700 1# - ADDED ENTRY--PERSONAL NAME
Personal name Mautino, Leonardo
773 0# - HOST ITEM ENTRY
Title Revista de Economía
Related parts - Nº 74 (jul./sep. 1994)
Record control number REV11077

No hay ítems disponibles.